AutoCAD 2018 for the Interior Designer: (Record no. 535382)
[ view plain ]
| 000 -LEADER | |
|---|---|
| fixed length control field | 00343nam a22001337a 4500 |
| 020 ## - INTERNATIONAL STANDARD BOOK NUMBER | |
| International Standard Book Number | 978-1630571191 |
| 040 ## - CATALOGING SOURCE | |
| Transcribing agency | MSOHAIL |
| 082 ## - DEWEY DECIMAL CLASSIFICATION NUMBER | |
| Classification number | 729.028 |
| Author Mark | MUC |
| 100 ## - MAIN ENTRY--PERSONAL NAME | |
| Personal name | Dean Muccio |
| 9 (RLIN) | 29914 |
| 245 ## - TITLE STATEMENT | |
| Title | AutoCAD 2018 for the Interior Designer: |
| Remainder of title | AutoCAD for Mac and PC |
| 260 ## - PUBLICATION, DISTRIBUTION, ETC. | |
| Name of publisher, distributor, etc. | SDC Publications |
| Date of publication, distribution, etc. | 2017 |
| 300 ## - PHYSICAL DESCRIPTION | |
| Extent | 450;p |
| 942 ## - ADDED ENTRY ELEMENTS (KOHA) | |
| Source of classification or shelving scheme | |
| Koha item type | Book |
| Withdrawn status | Lost status | Source of classification or shelving scheme | Damaged status | Not for loan | Permanent Location | Current Location | Date acquired | Total Checkouts | Full call number | Barcode | Date last seen | Price effective from | Koha item type |
|---|---|---|---|---|---|---|---|---|---|---|---|---|---|
| School of Civil and Environmental Engineering (SCEE) | School of Civil and Environmental Engineering (SCEE) | 09/04/2020 | 729.028 MUC | NIT-13218 | 09/04/2020 | 09/04/2020 | Book |
